Bol Antisthenés pýthagorovec?

Pýthagoreizmus a sofistika. Héraklés v pýthagoreizme. Héraklés v kynizme.

Salvato in:
Dettagli Bibliografici
Autore principale: Škvrnda, František, ml., 1987-
Natura: Capitolo di libro
Lingua:slovacco
Soggetti:
Tags: Aggiungi Tag
Nessun Tag, puoi essere il primo ad aggiungerne!!

MARC

LEADER 00000naa a2200000 4500
001 0241337
005 20240502073929.2
041 0 |a slo 
044 |a SK 
245 1 0 |a Bol Antisthenés pýthagorovec?  |c František Škvrnda ml. 
520 |a Pýthagoreizmus a sofistika. Héraklés v pýthagoreizme. Héraklés v kynizme. 
610 2 0 |a filozofia 
610 2 0 |a dejiny filozofie 
100 1 |a Škvrnda, František, ml., 1987-